000 00348 a2200169 4500
001 175331
020 _a85-16-02816-X
040 _cMagnum
100 _aGuelli, Neuza Sanchez
240 1 0 _aGeografia 4
_lpor
245 1 0 _aGeografia 4
300 _a119
362 0 _a2001
440 1 _aModerna
697 _aGEOGRAFIA DO BRASIL
942 _cBK
999 _c175331
_d175331